000 002790000a22000970004500
100 1 _aOrtiz, Pedro
245 1 0 _aLa traducción de términos de medidas en la Biblia
300 _aVol. 5, Num 2 (II Semestre, 1995), Páginas 25-30
773 0 _tTraducción de la Biblia
942 _cANA
999 _c52679
_d52679